000 00897nam a22002657a 4500
999 _c21579
_d21579
003 AR-CdUCM
008 190312b ||||| |||| 00| 0 spa d
020 _a9788416677504
040 _aMUNICIPALIDAD PROVINCIAL DEL CUSCO
_cBIBLIOTECA MUNICIPAL DEL CUSCO
082 _a305.55/C49
_bC49
100 _aChomsky, Noam
_913034
245 _aRéquiem por el sueño americano :
_blos diez principios de la concentración de la riqueza y el poder /
_cNoam Chomsky
260 _aMadrid :
_bSexto Piso,
_c2017.
300 _a159 páginas. :
_c23 cm.
650 _aRiqueza
_94060
650 _aPoder
_94273
650 _aPobreza
_94721
650 _aDesigualdad económica
_911687
650 _aPolítica y gobierno
_92693
650 _aEstados Unidos de Norteamérica
_945418
650 _aSociología
_9276
700 _aPalmer, Magdalena (traductor)
_945419
942 _2ddc
_cLIBROS
945 _aRoel